00321nam a2200121Ia 4500008004000000041000800040082001400048100002700062245005600089260001600145300001200161650002600173210210b1990 xxu||||| |||| 00| 0 eng d aeng a342H INDC aINDIA (Government of). aConstitution of India: as on the 1st February,1990. aNDb-c1990 axix,299 aConstitution of India